000
00239nmm a2200085Ia 4500
008
220120s9999||||xx |||||||||||||||||und||
100
_a
EFY
245
0
_a
September 2010 : Electronic circuits, simulators, ebooks, ut
260
_a
EFY enterprises
999
_c
139613
_d
139613